Nitra Zamok

Zobrazenie: Pohľad na most vedúci k hradnej bráne. Zľava aj sprava mostu sú na zábradlí sochy svätcov, zľava aj sprava za ním sú vysoké listnaté stromy. Za hradným múrom vidno vežu baziliky sv. Emeráma

Bibliographic Details
Format: Postcard
Language:Slovak
Hungarian
PhysicalDescription:1 pohľadnica kolorovaná 9 x 14 cm
Published: [Slovensko?] [vydavateľ neznámy] [medzi 1905 a 1930?]
Subjects:

MARC

LEADER 00000nkm a2200000 a 4500
001 vtls011887919
003 SK-MaSNL
005 20260512122427.0
007 kp ho
008 230706q1905 xo g kuslo
015 |a SNBG 
035 |a urn:nbn:sk:snk-km00efkn 
035 |a urn:nbn:sk:snk-km43dfz 
035 |a BBE3B27F-D690-4E3F-91F8-81AD79B8A0DC 
040 |a SNK  |b slo  |c SNK  |e AACR2 
041 0 |a slo  |a hun 
043 |a e-xo--- 
044 |a xo  |c SK 
072 7 |a 913  |x Regionálna geografia  |2 konspekt 
080 |a 913(437.6)  |2 2011 
080 |a 726:27-523.42  |2 2011 
080 |a (084.121)  |2 2011 
080 |a 728.81  |2 2011 
080 |a 27-526.64  |2 2011 
245 0 0 |a Nitra  |h grafika  |b Zamok 
246 3 1 |a Nyitra  |b Püspöki vár 
260 |a [Slovensko?]  |b [vydavateľ neznámy]  |c [medzi 1905 a 1930?] 
300 |a 1 pohľadnica  |b kolorovaná  |c 9 x 14 cm 
500 |a Názvové údaje prevzaté z obrazovej časti pohľadnice 
500 |a Názov a podnázov v maďarčine bol prepísaný názvom v slovenčine, názov v maďarčine zostal čitateľný 
520 8 |a Zobrazenie: Pohľad na most vedúci k hradnej bráne. Zľava aj sprava mostu sú na zábradlí sochy svätcov, zľava aj sprava za ním sú vysoké listnaté stromy. Za hradným múrom vidno vežu baziliky sv. Emeráma 
546 |a Súbežný názov v maď. 
610 2 7 |a Bazilika sv. Emeráma (Nitra, Slovensko)  |2 SNKKA  |9 153204 
610 2 7 |a Nitriansky hrad  |2 SNKKA  |9 165089 
650 0 7 |a baziliky  |2 SNKPH  |9 54566 
650 0 7 |a hrady  |2 SNKPH  |9 3039 
650 0 7 |a brány  |2 SNKPH  |9 30308 
650 0 7 |a sochy  |2 SNKPH  |9 29846 
651 7 |a Nitra (Slovensko)  |2 SNKPHgeo  |9 15714 
655 7 |a miestne pohľadnice  |2 SNKPH  |9 70510 
852 |a Slovenská národná knižnica 
958 |a ONDV 
958 |a GBN 
958 |a GC 
999 |c 604458  |d 606388 
952 |a SNK  |b SNK  |y PREZ  |7 0  |p 17A1382017  |o snkSP 43458  |0 0  |1 0  |4 0  |d 2019-09-18  |f 1  |l 0  |r 2026-02-23 16:04:55  |w 2026-02-23